Statistics for Paradise - Louis Tomlinson (Lyrics)

Click here to take the quiz!

General Stats

  • This quiz has been taken 15 times
  • The average score is 151 of 242

Answer Stats

% Correct
I
100%
in
88%
is
88%
it
88%
Of
88%
of
88%
Paradise
88%
when
88%
another
75%
anyway
75%
been
75%
closer
75%
do
75%
don't
75%
dreaming
75%
get
75%
getting
75%
head
75%
I'm
75%
[Chorus]Keep
75%
maybe
75%
[Verse 1]Maybe
75%
me
75%
night
75%
on
75%
spend
75%
the
75%
what
75%
you
75%
your
75%
as
63%
As
63%
believe
63%
could
63%
everyday
63%
eyes
63%
horizon
63%
mind
63%
my
63%
My
63%
own
63%
so
63%
So
63%
To
63%
to
63%
want
63%
water
63%
way
63%
above
50%
come
50%
Just
50%
Lately
50%
lately
50%
much
50%
not
50%
sailing
50%
see
50%
ship
50%
that
50%
could've
38%
gonna
38%
it's
38%
I've
38%
know
38%
life
38%
nothing
38%
one
38%
something
38%
there
38%
all
25%
But
25%
calling
25%
[Verse 2]Calling
25%
completed
25%
easy
25%
else
25%
for
25%
forever
25%
full
25%
half
25%
hear
25%
If
25%
Instead
25%
never
25%
only
25%
ships
25%
There's
25%
wanted
25%
who's
25%
Anything
13%
'Cause
13%
charge
13%
hurt
13%
make
13%
put
13%
Wanting
13%

Score Distribution

Percentile by Number Answered

Percent of People with Each Score

Your Score History

You have not taken this quiz